"Wisielec" - Losowe Polskie Miasta - Statystyki

Ogólne statystyki
  • Ten quiz został rozwiązany 547 razy
  • Średni wynik to 4 z 7
Statystyki odpowiedzi
LITERY % Poprawnych
A
100%
A
100%
A
100%
A
89%
A
89%
W
89%
O
88%
A
86%
A
86%
S
86%
A
85%
R
83%
I
78%
I
78%
O
77%
D
75%
L
75%
I
71%
K
71%
N
71%
W
71%
I
69%
A
67%
E
67%
E
67%
G
67%
I
67%
K
67%
L
67%
O
67%
W
67%
W
67%
O
64%
A
63%
E
63%
E
63%
I
63%
Z
60%
O
58%
O
57%
Z
57%
I
55%
S
55%
S
55%
Z
55%
N
54%
B
50%
C
50%
I
50%
I
50%
L
50%
O
50%
R
50%
R
50%
Z
50%
B
46%
C
45%
B
44%
E
44%
E
44%
E
44%
I
44%
I
44%
L
44%
S
44%
E
43%
E
43%
G
42%
M
42%
E
40%
N
40%
O
40%
R
40%
G
38%
E
36%
L
36%
N
36%
T
36%
C
33%
C
33%
C
33%
D
33%
E
33%
G
33%
J
33%
L
33%
L
33%
N
33%
C
31%
H
31%
G
30%
D
29%
I
29%
N
29%
S
29%
W
29%
N
27%
Y
27%
Z
27%
R
25%
S
25%
C
20%
N
20%
N
20%
Y
18%
R
14%
Y
14%
Z
14%
Z
14%
I
0%
J
0%
K
0%
Nie znaleziono quizów pasujących do podanych kryteriów
Rozkład punktacji
Procent ludzi z każdym wynikiem
Percentyl według liczby udzielonych odpowiedzi
Twoja historia wyników
Nie rozwiązałeś tego quizu